| 000 | 01003cam a2200325 i 4500 | ||
|---|---|---|---|
| 001 | 200462717 | ||
| 003 | TR-AnTOB | ||
| 005 | 20241009105611.0 | ||
| 007 | ta | ||
| 008 | 241009s2004 tu ab b f000 0 tur d | ||
| 010 | _a 93956092 | ||
| 020 | _a4092869 | ||
| 040 |
_aDLC _beng _erda _cDLC _dTR-AnTOB |
||
| 041 | 0 | _atur | |
| 050 | 0 | 0 |
_aDR573 _b.S84 2004 |
| 090 |
_aDR573 _b.S84 2004 |
||
| 100 | 1 |
_aSüer, Hikmet _eauthor _9147168 |
|
| 245 | 1 | 0 |
_a1877-1878 Osmanlı-Rus Harbi. _pRumeli cephesi / _cE. Hv. Tuğg. H. Hikmet Süer. |
| 250 | _aİkinci baskı | ||
| 264 | 1 |
_aAnkara : _bGenelkurmay Basım Evi, _c2004. |
|
| 300 |
_avii, 542 pages : _billustration, color maps ; _c24 cm |
||
| 336 |
_atext _btxt _2rdacontent |
||
| 337 |
_aunmediated _bn _2rdamedia |
||
| 338 |
_avolume _bnc _2rdacarrier |
||
| 490 | 0 |
_aGenelkurmay basımevi yayın numarası ; _v2004/106 |
|
| 504 | _aBIB | ||
| 650 | 7 |
_aRus-Türk savaşı, 1877-1878 _2etuturkob _913934 |
|
| 942 |
_2lcc _cBK |
||
| 999 |
_c200462717 _d80929 |
||